| 000 | 00698cam a2200265 a 4500 | ||
|---|---|---|---|
| 999 |
_c7217 _d7217 |
||
| 001 | 7217 | ||
| 003 | BD-JhCC | ||
| 005 | 20180418165932.0 | ||
| 008 | 890608r19891958enk | |||| ||eng|| | ||
| 020 | _a0192741403 | ||
| 035 | _a(BD-JhCC)7217 | ||
| 040 |
_aBD-JhCC _dBD-JhCC |
||
| 041 | _aeng | ||
| 082 |
_bMAC 1964 _a398.20952 |
||
| 100 | 1 | _aMcAlpine, Helen. | |
| 245 | 1 | 0 |
_aJapanese tales and legends / _cretold by Helen & William McAlpine. |
| 260 |
_aOxford : _bOxford University Press, _c1988. |
||
| 300 |
_a[ca 212]p ; _c20cm. |
||
| 650 |
_aTales _zJapan |
||
| 650 | _aLegends | ||
| 700 | 1 | _aMcAlpine, William. | |
| 700 | 1 | _aKiddell-Monroe, Joan. | |
| 942 |
_2ddc _cBK |
||